000 00371nam a22001577a 4500
003 SGT
020 _a9780198715443
082 _a801.950 3, BAL
100 _aBALDICK,CHRIS.
245 _aOXFORD DICTIONARY LITERARY TERMS
250 _a4TH
260 _aUNITED KINGDOM
_bOXFORD UNIVERSITY
_c2015
300 _a385
650 _aOXFORD DICTIONARY
942 _2ddc
_cBK
_03
999 _c19606
_d19606